000
00211 a2200109 4500
020
_a
9780545007474
041
_a
spa
100
_a
Elizabeth Bennett
245
_a
Deep-sea Creatures
942
_c
BK
952
_7
1
999
_c
18866
_d
18866